| 000 | 00394nam a22001217a 4500 | ||
|---|---|---|---|
| 082 | _aTHE 200 | ||
| 100 |
_aMUHAMMAD KAMAL AMJAD, _972865 |
||
| 245 | _aTH-SOF-0612-METHODOLOGIES FOR MODELING AND ANALYSIS OF PERFORMANCE MEASUREMENT IN PRODUCT DEVELOPMENT | ||
| 260 |
_aNUST COLLEGE OF EME _bISLAMABAD _c2018 |
||
| 650 | _aMS-EM-1 MSTHESIS | ||
| 700 | _a DR MUHAMMAD ABBAS CHOUDHARY | ||
| 942 | _cCF | ||
| 999 |
_c578838 _d578838 |
||